000 00839nam a2200253Ia 4500
003 OSt
005 20220923221009.0
006 a|||||r|||| 00| 0
007 ta
008 220922b |||||||| |||| 00| 0 hin d
024 _a193,530
037 _cTextual
040 _aARTS
_cARTS
_bhin
041 _2hin
_ahin
082 _aO152,3xN1, M1
100 _aशरत्, सत्येन्दु, संपा.
245 0 _aमज़हब नही सिखाता
246 _aMaज़hab nahī sikhātā
260 _aदिल्ली
_b सरस्वती विहार
_c1981
300 _a201पृ.
_ccm.
650 _aहिन्दी साहित्य
_9156264
942 _hO152,3xN1, M1
_cTEXL
_2CC
999 _c345978
_d345978